Responses for show #5702 - Tuesday, May 26, 2009

Justin Bernbach game 4.

Contestants

[<< previous game]

Chris Couvelier, a law student originally from Victoria, British Columbia

Stacie Carvill Webb, a homemaker from Dahlonega, Georgia

Justin Bernbach, a lobbyist from Brooklyn, New York (whose 3-day cash winnings total $80,601)

[next game >>]

Jeopardy! Round responses

WHAT A KNOCKOUT!
LITERARY MOVEMENTS
AT THE DRUGSTORE
HISTORICAL MILITARY THERAPY SESSIONS
U.S. STAMPS
ALSO A DOG COMMAND
    $200 14
VH1

Chris
    $200 1
(Chris: What is Realism?)

Romanticism

StacieChris
    $200 7
deodorant

Chris
    $200 6
(Chris: Who is Alexander the Great?)

Hannibal

StacieChris
    $200 24
a sunflower

Chris
    $200 16
speak

Justin
    $400 15
Beyoncé

Justin
    $400 2
Existentialism

Justin
    $400 8
Polident

Justin
    $400 9
Napoléon

Stacie
    $400 25
Bette Davis

Stacie
    $400 17
roll over

Justin
    $600 21
Lucy Liu

Justin
    $600 3
Transcendentalism

Stacie
    $600 10
(Stacie: What is a vaporizer?)

humidifier

JustinStacie
    $600 11
(George) Patton

Justin
    $600 26
"The Legend of Sleepy Hollow"

Chris
    $600 18
sit

Justin
    $800 22
Salma Hayek

Stacie
    $800 4
Magical Realism

Stacie
    $800 29
(Justin: What is coughing?)

stopping smoking

JustinStacie
    $800 12
McClellan

Justin
    $800 27
Dracula

Chris
    $800 19
stay

Justin
    $1000 23
Helen Mirren

Chris
    $1000 5
the Absurd

Justin
    $1000 30
Allegra

Justin
    $1000 13
(Alex: [*], yes. The pyrrhic victory.)

Pyrrhus

Justin
    $1000 28
(Henry) Luce

Justin
    $1000 20
heel

Stacie

Scores at the first commercial break (after clue 15):

Justin Stacie Chris
$5,200 $1,600 $0

Scores at the end of the Jeopardy! Round:

Justin Stacie Chris
$9,000 $4,600 $2,600

Double Jeopardy! Round responses

WHAT A KNOCKOUT!
EUROPEAN ART & ARTISTS
RUSSIAN TO THE BORDER
LET'S GET I.T. ON
2008 OBITS
CROSSWORD CLUES "V"
    $400 4
(Muhammad) Ali

Chris
    $400 6
fresco

Stacie
    $400 20
Finland

Justin
    $400 17
compact disc read-only memory

Triple Stumper
    $400 9
Michael Crichton

Stacie
    $400 1
vertical

Chris
    $800 21
Joe Louis

Justin
    $800 7
The Thinker

Chris
    $800 25
Mongolia

Chris
    $800 18
C++

Chris
    $800 10
[Alex clarifies "P&G" as "Procter & Gamble" while reading the clue.]

Mr. Clean

Stacie
    $800 2
vegan

Chris
    $1200 22
Jake LaMotta

Justin
    $1,000 12
Goya

Stacie
    $1200 26
Ukraine

Triple Stumper
    $1200 19
applet

Chris
    $1200 11
sci fi

Triple Stumper
    $1200 3
Vandyke

Justin
    $1600 23
Sugar Ray Leonard

Justin
    $1600 13
Modigliani

Stacie
    $1600 27
Kazakhstan

Stacie
    $3,000 29
(Chris: What's a firewall?)
[The end-of-round signal sounds.]

Ethernet

Chris
    $1600 15
The Kingston Trio

Justin
    $1600 5
vanilla

Stacie
    $2000 24
Roberto Duran

Justin
    $2000 14
(Alex: And that artist was [*], with his many views of that city.)
[ERRATUM: The artist worked in the mid-18th century, not the mid-17th century.]

Canaletto

Triple Stumper
    $2000 28
Lithuania

Chris
    $2000 16
Solzhenitsyn

Chris
    $2000 8
(Justin: What is to vibe?)

vamp

Justin
Triple Stumper

Scores at the end of the Double Jeopardy! Round:

Justin Stacie Chris
$15,800 $12,000 $8,800

[wagering suggestions for these scores]

Final Jeopardy! Round responses

BRITISH LEGENDARY POETRY
(Alex: Alfred, Lord Tennyson's [*]. Why didn't you write that down, Justin? You had a choice. You picked--)
(Justin: I needed your clue, Alex.)
(Alex: It was what?)
(Justin: I needed your clue afterwards.)
(Alex: Oh, you needed my extra clue at the end.)
(Justin: Yes.)
ChrisWhat is Canterbury Tales
$7,000
StacieWhat is ?
$8,201
JustinWhat are The Canterbury Tales?
$8,201
Idylls of the King

Final scores:

Justin Stacie Chris
$7,599 $3,799 $1,800
4-day champion: $88,200 2nd place: $2,000 3rd place: $1,000

Game dynamics:

Coryat scores:

Justin Stacie Chris
$15,800 $12,200 $11,800
22 R,
2 W
16 R
(including 2 DDs),
1 W
15 R,
3 W
(including 1 DD)

Combined Coryat: $39,800

The J! Archive is created by fans, for fans. The Jeopardy! game show and all elements thereof, including but not limited to copyright and trademark thereto, are the property of Jeopardy Productions, Inc. and are protected under law. This website is not affiliated with, sponsored by, or operated by Jeopardy Productions, Inc. Join the discussion at JBoard.tv.